[Event "Navarra-chT Preferente"]
[Site "Navarra"]
[Date "2012.11.10"]
[Round "5.1"]
[White "Cortes Bueno, Jesus Javier"]
[Black "Vila Dupla, Aurelio"]
[Result "1/2-1/2"]
[WhiteElo "2218"]
[BlackElo "2174"]
[PlyCount "106"]
[EventDate "2012.10.13"]
[EventType "team"]
[EventRounds "7"]
[EventCountry "ESP"]
[SourceTitle "EXT 2014"]
[Source "ChessBase"]
[SourceDate "2013.11.20"]
[SourceVersion "1"]
[SourceVersionDate "2013.11.20"]
[SourceQuality "1"]
[WhiteTeam "Nuevo Casino"]
[BlackTeam "Oberena"]
[WhiteTeamCountry "ESP"]
[BlackTeamCountry "ESP"]

1. e4 c5 2. Nf3 d6 3. d4 cxd4 4. Nxd4 Nf6 5. Nc3 g6 6. Be3 Bg7 7. f3 0-0 8. Bc4 Nc6 9. Qd2 Bd7 10. 0-0-0 Qa5 11. Kb1 Ne5 12. Bb3 Rfc8 13. h4 Rc5 14. Nde2 Nc4 15. Bxc4 Rxc4 16. Nd5 Qxd2 17. Nxf6+ Bxf6 18. Rxd2 Bg7 19. h5 f5 20. hxg6 hxg6 21. exf5 Bxf5 22. Nd4 Rac8 23. Nxf5 gxf5 24. c3 R8c6 25. Rd5 e6 26. Rd3 a6 27. Bh6 d5 28. g3 Bf6 29. Be3 b5 30. a3 a5 31. Rh2 Kf7 32. Rh7+ Kg6 33. Rb7 b4 34. axb4 axb4 35. Rxb4 Rxb4 36. cxb4 d4 37. Bd2 e5 38. b5 Rb6 39. Rb3 e4 40. fxe4 fxe4 41. Bf4 Kf5 42. Bc7 Rb7 43. b6 d3 44. Kc1 Bg5+ 45. Kd1 Be3 46. Rb4 Bh6 47. g4+ Kxg4 48. Rxe4+ Kf3 49. Re6 Be3 50. b4 Bg5 51. Re5 Be3 52. Re6 Bg5 53. Rg6 Be3 1/2-1/2

[Event "Navarra-chT Preferente"]
[Site "Navarra"]
[Date "2012.10.13"]
[Round "1.1"]
[White "Garbisu de Goni, Unai"]
[Black "Cortes Bueno, Jesus Javier"]
[Result "1-0"]
[WhiteElo "2447"]
[BlackElo "2218"]
[PlyCount "101"]
[EventDate "2012.10.13"]
[EventType "team"]
[EventRounds "7"]
[EventCountry "ESP"]
[SourceTitle "EXT 2014"]
[Source "ChessBase"]
[SourceDate "2013.11.20"]
[SourceVersion "1"]
[SourceVersionDate "2013.11.20"]
[SourceQuality "1"]
[WhiteTeam "Orvina"]
[BlackTeam "Nuevo Casino"]
[WhiteTeamCountry "ESP"]
[BlackTeamCountry "ESP"]

1. e4 c5 2. Nf3 d6 3. d4 cxd4 4. Qxd4 Nc6 5. Bb5 Bd7 6. Bxc6 Bxc6 7. c4 Nf6 8. Nc3 g6 9. 0-0 Bg7 10. Bg5 0-0 11. Qd3 Rc8 12. b4 b6 13. Rac1 Bb7 14. Rfe1 Re8 15. h3 h6 16. Bf4 Nd7 17. Qe2 Ba6 18. Nb5 Bxb5 19. cxb5 Rc7 20. Rc6 Nb8 21. Rxc7 Qxc7 22. Rc1 Qb7 23. Qc4 g5 24. Bg3 a6 25. a4 axb5 26. axb5 Qd7 27. e5 d5 28. Qd3 e6 29. Nd4 Bf8 30. h4 Bxb4 31. hxg5 hxg5 32. Qe3 Qe7 33. Nf3 Bc5 34. Qd2 Kg7 35. Nxg5 Rh8 36. Qf4 Nd7 37. Ra1 Nf8 38. Nf3 Ng6 39. Qg4 Rh7 40. Bf4 Qd8 41. Bg5 Be7 42. Ra7 Kf8 43. Bxe7+ Nxe7 44. Ng5 Rg7 45. f4 d4 46. Qd1 d3 47. Kf1 Qd5 48. Qd2 Rg6 49. Qb4 Qd8 50. Qd6 Qe8 51. Rd7 1-0

[Event "Pamplona San Juan op 3rd"]
[Site "Pamplona"]
[Date "2009.08.02"]
[Round "9"]
[White "Cortes Bueno, Jesus Javier"]
[Black "Recuero Guerra, David"]
[Result "0-1"]
[WhiteElo "2260"]
[BlackElo "2460"]
[PlyCount "34"]
[EventDate "2009.07.27"]
[EventType "swiss"]
[EventRounds "9"]
[EventCountry "ESP"]
[SourceTitle "CBM 131 Extra"]
[Source "ChessBase"]
[SourceDate "2009.09.03"]
[SourceVersion "2"]
[SourceVersionDate "2009.09.16"]
[SourceQuality "1"]

1. e4 c5 2. Nf3 d6 3. d4 cxd4 4. Nxd4 Nf6 5. Nc3 Nc6 6. Bg5 e6 7. Qd2 Be7 8. 0-0-0 Nxd4 9. Qxd4 0-0 10. f3 a6 11. Bc4 b5 12. Bb3 Bb7 13. h4 Qc7 14. a3 Rfd8 15. h5 h6 16. Be3 Rac8 17. g4 d5 0-1

[Event "Pamplona San Juan op 3rd"]
[Site "Pamplona"]
[Date "2009.07.28"]
[Round "3"]
[White "Ninov, Nikolai"]
[Black "Cortes Bueno, Jesus Javier"]
[Result "1-0"]
[WhiteElo "2562"]
[BlackElo "2260"]
[PlyCount "71"]
[EventDate "2009.07.27"]
[EventType "swiss"]
[EventRounds "9"]
[EventCountry "ESP"]
[SourceTitle "CBM 131 Extra"]
[Source "ChessBase"]
[SourceDate "2009.09.03"]
[SourceVersion "2"]
[SourceVersionDate "2009.09.16"]
[SourceQuality "1"]

1. e4 c5 2. Nf3 d6 3. d4 cxd4 4. Nxd4 Nf6 5. Nc3 Nc6 6. Bc4 Qb6 7. Nb3 e6 8. Bf4 Ne5 9. Be2 Bd7 10. Qd2 Rc8 11. 0-0-0 a6 12. f3 Qc7 13. g4 b5 14. g5 Nh5 15. Be3 Nc4 16. Bxc4 bxc4 17. Nd4 Be7 18. Nde2 Qa5 19. Ng3 g6 20. Nxh5 gxh5 21. f4 Rb8 22. Qd4 0-0 23. a3 d5 24. exd5 Rxb2 25. Kd2 Ba4 26. Rc1 Rd8 27. Ke2 Bxc2 28. Kf3 exd5 29. Qe5 Bd6 30. Qf6 Be4+ 31. Kg3 Rg2+ 32. Kh3 Rg4 33. Nxe4 dxe4 34. Rhd1 Rd7 35. Bd4 Kf8 36. Qh8+ 1-0

[Event "ESP-chT Autonomicas 4th"]
[Site "Villava"]
[Date "2009.05.01"]
[Round "2"]
[White "Gallardo Garcia, Andres"]
[Black "Cortes Bueno, Jesus Javier"]
[Result "1-0"]
[WhiteElo "2407"]
[BlackElo "2245"]
[PlyCount "97"]
[EventDate "2009.04.30"]
[EventType "team-tourn"]
[EventRounds "6"]
[EventCountry "ESP"]
[SourceTitle "CBM 130 Extra"]
[Source "ChessBase"]
[SourceDate "2009.07.02"]
[SourceVersion "2"]
[SourceVersionDate "2009.07.15"]
[SourceQuality "1"]

1. d4 Nf6 2. c4 c5 3. d5 e6 4. Nf3 exd5 5. cxd5 d6 6. e4 g6 7. h3 Bg7 8. Bd3 0-0 9. 0-0 b5 10. Re1 Re8 11. e5 dxe5 12. Bxb5 Bd7 13. Bc4 e4 14. Ng5 h6 15. Ne6 fxe6 16. dxe6 Kh7 17. exd7 Nbxd7 18. Bb5 Qc7 19. Nc3 Rad8 20. Qc2 Qb7 21. Be3 a6 22. Ba4 Rb8 23. Bf4 Rbc8 24. Rad1 Re7 25. Bxd7 Rxd7 26. Rxd7 Qxd7 27. Nxe4 Qd4 28. Nd6 Rf8 29. Be5 Qd5 30. Nc4 Re8 31. Rd1 Rxe5 32. Rxd5 Rxd5 33. Ne3 Re5 34. Qc4 a5 35. b3 Ne4 36. Qd3 Re6 37. Qd7 Rf6 38. Ng4 Rd6 39. Qe7 Rd4 40. f3 h5 41. fxe4 hxg4 42. Qh4+ Bh6 43. Qxg4 Be3+ 44. Kf1 Rd2 45. a4 Rb2 46. h4 Rxb3 47. h5 gxh5 48. Qd7+ Kh8 49. Qe8+ 1-0

[Event "Pamplona op"]
[Site "Pamplona"]
[Date "2007.12.26"]
[Round "6"]
[White "Montoya Irigoyen, Inigo"]
[Black "Cortes Bueno, Jesus Javier"]
[Result "1-0"]
[WhiteElo "2072"]
[BlackElo "2305"]
[PlyCount "65"]
[EventDate "2007.12.22"]
[EventType "swiss"]
[EventRounds "9"]
[EventCountry "ESP"]
[SourceTitle "CBM 121 Extra"]
[Source "ChessBase"]
[SourceDate "2008.01.10"]
[SourceVersion "1"]
[SourceVersionDate "2008.01.10"]
[SourceQuality "1"]

1. c4 Nf6 2. Nc3 g6 3. g3 Bg7 4. Bg2 d6 5. Nf3 0-0 6. 0-0 Nc6 7. Rb1 e5 8. d3 a5 9. a3 Be6 10. Nd2 Qd7 11. Re1 Nh5 12. b4 axb4 13. axb4 f5 14. b5 Nd8 15. Nd5 Rc8 16. e3 Qf7 17. Ba3 Nf6 18. b6 Nxd5 19. cxd5 Bxd5 20. bxc7 Nc6 21. Bxd5 Qxd5 22. Qb3 Qxb3 23. Rxb3 Rf6 24. Rxb7 Bf8 25. Rc1 d5 26. Bxf8 Kxf8 27. Rc5 Ne7 28. e4 Rd6 29. Rb8 Ke8 30. exd5 Kd7 31. Nc4 Rxd5 32. Nb6+ Kd6 33. Nxc8+ 1-0

[Event "Pamplona op"]
[Site "Pamplona"]
[Date "2007.12.23"]
[Round "3"]
[White "Cortes Bueno, Jesus Javier"]
[Black "Granda Zuniga, Julio E"]
[Result "0-1"]
[WhiteElo "2305"]
[BlackElo "2592"]
[PlyCount "102"]
[EventDate "2007.12.22"]
[EventType "swiss"]
[EventRounds "9"]
[EventCountry "ESP"]
[SourceTitle "CBM 121 Extra"]
[Source "ChessBase"]
[SourceDate "2008.01.10"]
[SourceVersion "1"]
[SourceVersionDate "2008.01.10"]
[SourceQuality "1"]

1. e4 c5 2. Nf3 e6 3. d4 cxd4 4. Nxd4 a6 5. c4 b6 6. Bd3 Bb7 7. 0-0 Nc6 8. Be3 Bc5 9. Nxc6 Bxc6 10. Bxc5 bxc5 11. e5 Qg5 12. f3 Qxe5 13. Nc3 Nf6 14. Qc2 0-0 15. Rfe1 Qd4+ 16. Kh1 Qh4 17. Rad1 Rfd8 18. Ne2 a5 19. Ng3 a4 20. Qf2 d6 21. Qc2 Rab8 22. Re2 g6 23. Red2 Rb6 24. Qc3 Rdb8 25. Be2 Ne8 26. Rb1 Qh6 27. Bd1 Qg7 28. Qc1 h5 29. Ne2 h4 30. Ng1 Qe5 31. Re2 Qf6 32. Nh3 Ng7 33. Ng5 Nf5 34. b3 Nd4 35. Reb2 Qe5 36. Nh3 d5 37. cxd5 Bxd5 38. Qxc5 Rc6 39. Qe7 a3 40. Qxa3 Qe1+ 41. Ng1 Nb5 42. Qa4 Nc3 43. Qa5 Rb5 44. Qd8+ Kg7 45. Be2 Nxb1 46. Bxb5 Rc1 47. Qb6 Nd2 48. Be2 h3 49. Qd4+ e5 50. Qxe5+ Kh7 51. Qd4 Qxe2 0-1

[Event "Pamplona op 16th"]
[Site "Pamplona"]
[Date "2006.12.27"]
[Round "7"]
[White "Conquest, Stuart"]
[Black "Cortes Bueno, Jesus Javier"]
[Result "1/2-1/2"]
[WhiteElo "2530"]
[BlackElo "2314"]
[PlyCount "74"]
[EventDate "2006.12.22"]
[EventType "swiss"]
[EventRounds "9"]
[EventCountry "ESP"]
[SourceTitle "CBM 115 Extra"]
[Source "ChessBase"]
[SourceDate "2007.01.10"]
[SourceVersion "1"]
[SourceVersionDate "2007.01.10"]
[SourceQuality "1"]

1. d4 Nf6 2. c4 c5 3. d5 g6 4. Nc3 Bg7 5. e4 d6 6. Bd3 e6 7. Nge2 exd5 8. cxd5 0-0 9. 0-0 Re8 10. f3 Na6 11. Kh1 Bd7 12. a3 Nc7 13. Bf4 Qe7 14. Qd2 Qf8 15. b4 b6 16. Rab1 Rab8 17. g4 h6 18. Rg1 a6 19. a4 Nh7 20. Rg3 cxb4 21. Rxb4 b5 22. a5 Rec8 23. Na2 Ne8 24. Rb1 Ng5 25. Nb4 Qe7 26. Nxa6 Ra8 27. Nb4 Rc4 28. Nc6 Bxc6 29. Bxg5 hxg5 30. Bxc4 bxc4 31. dxc6 Qe5 32. Rgg1 Rxa5 33. Rb8 Rc5 34. Nc3 Rxc6 35. Qd5 Qxc3 36. Rxe8+ Kh7 37. Qxf7 Rc7 1/2-1/2

[Event "Pamplona op 16th"]
[Site "Pamplona"]
[Date "2006.12.26"]
[Round "5"]
[White "Sola Plaza, Gregorio"]
[Black "Cortes Bueno, Jesus Javier"]
[Result "0-1"]
[WhiteElo "2102"]
[BlackElo "2314"]
[PlyCount "80"]
[EventDate "2006.12.22"]
[EventType "swiss"]
[EventRounds "9"]
[EventCountry "ESP"]
[SourceTitle "CBM 115 Extra"]
[Source "ChessBase"]
[SourceDate "2007.01.10"]
[SourceVersion "1"]
[SourceVersionDate "2007.01.10"]
[SourceQuality "1"]

1. d4 Nf6 2. Bg5 e6 3. e4 c5 4. e5 h6 5. Bc1 Nd5 6. c4 Nc7 7. dxc5 Nc6 8. Nf3 Bxc5 9. Nc3 d5 10. exd6 Qxd6 11. Qxd6 Bxd6 12. Bd3 b6 13. 0-0 Bb7 14. Ne4 Be7 15. Bf4 0-0-0 16. Rad1 g5 17. Bc1 Nb4 18. Bb1 Nxa2 19. Ne5 Nxc1 20. Rxc1 Rhf8 21. c5 Rd5 22. cxb6 axb6 23. Nc4 Rd4 24. Nxb6+ Kb8 25. Rfd1 Rfd8 26. Rxd4 Rxd4 27. f3 f5 28. Nf2 Ba6 29. g4 Kb7 30. gxf5 Kxb6 31. fxe6 Rd2 32. Rc2 Rxc2 33. Bxc2 Nxe6 34. h4 gxh4 35. Ng4 h3 36. Kh2 h5 37. Ne3 Nf4 38. Bf5 Bd6 39. Nd1 Be2 40. Nc3 Ng6+ 0-1

[Event "ESP Autonomico-chT fin"]
[Site "Spain"]
[Date "2006.04.29"]
[Round "12.4"]
[White "Fontana Sotomayour, Luis Javier"]
[Black "Cortes Bueno, Jesus Javier"]
[Result "1/2-1/2"]
[WhiteElo "2315"]
[BlackElo "2115"]
[PlyCount "117"]
[EventDate "2006.04.29"]
[EventType "team"]
[EventRounds "1"]
[EventCountry "ESP"]
[SourceTitle "EXT 2007"]
[Source "ChessBase"]
[SourceDate "2006.11.23"]
[SourceVersion "1"]
[SourceVersionDate "2006.11.23"]
[SourceQuality "1"]

1. e4 c5 2. Nf3 d6 3. d4 Nf6 4. Nc3 cxd4 5. Qxd4 e5 6. Bb5+ Nbd7 7. Qd3 h6 8. 0-0 Be7 9. Nd2 0-0 10. Bxd7 Bxd7 11. Nc4 Bc6 12. Ne3 b5 13. Bd2 Rb8 14. Ncd5 Nxd5 15. Nxd5 Bxd5 16. Qxd5 Qc7 17. Rac1 Qc4 18. Qxc4 bxc4 19. Bc3 f5 20. exf5 Rxf5 21. Rfe1 Bd8 22. f3 Bb6+ 23. Kf1 Kf7 24. Re4 Rc8 25. Rd1 Ke6 26. Rde1 g5 27. h4 Rg8 28. hxg5 hxg5 29. Rxc4 g4 30. f4 d5 31. Ra4 e4 32. g3 Rh5 33. Bd4 Rh1+ 34. Ke2 Rh2+ 35. Kd1 Rc8 36. Bxb6 axb6 37. c4 Rxb2 38. cxd5+ Kxd5 39. Raxe4 Rxa2 40. Re5+ Kc6 41. R1e2 Ra1+ 42. Kc2 Ra3 43. R2e3 Rxe3 44. Rxe3 Kd5+ 45. Kd3 Ra8 46. Re5+ Kd6 47. Ke4 Ra3 48. Rd5+ Ke6 49. f5+ Kf6 50. Rd6+ Kg5 51. Rg6+ Kh5 52. Rxb6 Rxg3 53. Ke5 Re3+ 54. Kf6 g3 55. Rb8 Ra3 56. Rg8 Kh4 57. Kf7 Ra7+ 58. Kg6 Ra6+ 59. Kf7 1/2-1/2

[Event "ESP Autonomico-chT"]
[Site "Spain"]
[Date "2006.03.18"]
[Round "7.8"]
[White "Chueca Forcen, Alberto"]
[Black "Cortes Bueno, Jesus Javier"]
[Result "0-1"]
[WhiteElo "2056"]
[BlackElo "2115"]
[PlyCount "80"]
[EventDate "2006.02.04"]
[EventType "team"]
[EventRounds "9"]
[EventCountry "ESP"]
[SourceTitle "EXT 2007"]
[Source "ChessBase"]
[SourceDate "2006.11.23"]
[SourceVersion "1"]
[SourceVersionDate "2006.11.23"]
[SourceQuality "1"]

1. d4 Nf6 2. c4 e6 3. Nc3 Bb4 4. Qc2 0-0 5. a3 Bxc3+ 6. Qxc3 Ne4 7. Qc2 f5 8. Bf4 d6 9. f3 Nf6 10. e3 Nc6 11. Bd3 Qe8 12. Ne2 e5 13. dxe5 dxe5 14. Bg3 e4 15. Bxc7 Qd7 16. Bxe4 fxe4 17. Bf4 Re8 18. 0-0 exf3 19. Rxf3 Qf5 20. Qb3 Qc5 21. Nc3 Ne5 22. Bxe5 Qxe5 23. Nd5 Ne4 24. Qb4 Be6 25. Ne7+ Kh8 26. Raf1 Nf6 27. Qxb7 Qb8 28. Qxb8 Raxb8 29. Nc6 Rxb2 30. Nxa7 Bxc4 31. Rc1 Bd5 32. Rf2 Rxf2 33. Kxf2 Ne4+ 34. Ke2 Nd6 35. Rd1 Bc4+ 36. Kf3 Rf8+ 37. Kg3 Ne4+ 38. Kh4 g5+ 39. Kh5 Be2+ 40. g4 Bxd1 0-1

[Event "ESP Autonomico-chT"]
[Site "Spain"]
[Date "2006.02.04"]
[Round "1.8"]
[White "Matamoros Cepeda, Antonio"]
[Black "Cortes Bueno, Jesus Javier"]
[Result "0-1"]
[WhiteElo "2010"]
[BlackElo "2115"]
[PlyCount "114"]
[EventDate "2006.02.04"]
[EventType "team"]
[EventRounds "9"]
[EventCountry "ESP"]
[SourceTitle "EXT 2007"]
[Source "ChessBase"]
[SourceDate "2006.11.23"]
[SourceVersion "1"]
[SourceVersionDate "2006.11.23"]
[SourceQuality "1"]

1. e4 c5 2. Nf3 d6 3. d4 Nf6 4. Nc3 cxd4 5. Nxd4 a6 6. Bc4 e6 7. Bb3 b5 8. 0-0 Be7 9. Qf3 Qb6 10. Be3 Qb7 11. Qg3 0-0 12. f3 Nc6 13. a3 Bd7 14. Nxc6 Bxc6 15. Rad1 Rfc8 16. Rd2 a5 17. Rfd1 a4 18. Ba2 b4 19. axb4 Qxb4 20. Rb1 Ne8 21. Ne2 Bb5 22. Nf4 Bc4 23. Bxc4 Rxc4 24. Qe1 Bf6 25. c3 Qb7 26. Qd1 Qc7 27. Nh5 Bg5 28. Bxg5 Qc5+ 29. Rd4 Rxd4 30. Qxd4 Qxg5 31. Ng3 Qb5 32. Ra1 Qxb2 33. Rxa4 Rd8 34. h4 Kf8 35. Qb4 Qc1+ 36. Nf1 Rc8 37. e5 Qxc3 38. Qxc3 Rxc3 39. exd6 Nxd6 40. Ra7 Rc1 41. Kf2 Rc2+ 42. Kg1 Nf5 43. Ra4 g6 44. Re4 Rc1 45. Kf2 Rxf1+ 46. Kxf1 Ng3+ 47. Kf2 Nxe4+ 48. fxe4 e5 49. g4 h5 50. gxh5 gxh5 51. Kf3 Ke7 52. Ke3 Ke6 53. Kf3 f5 54. exf5+ Kxf5 55. Ke3 Kg4 56. Ke4 Kxh4 57. Kxe5 Kg3 0-1

[Event "Autonomico-ch"]
[Site "Aragon"]
[Date "2005.??.??"]
[Round "5"]
[White "Cortes Bueno, Jesus Javier"]
[Black "Ramiro Ovejero, Juan Luis"]
[Result "0-1"]
[WhiteElo "2264"]
[BlackElo "2296"]
[PlyCount "60"]
[EventDate "2005.??.??"]
[EventType "swiss"]
[EventRounds "9"]
[EventCountry "ESP"]
[SourceTitle "EXT 2009"]
[Source "ChessBase"]
[SourceDate "2008.11.26"]
[SourceVersion "1"]
[SourceVersionDate "2008.11.26"]
[SourceQuality "1"]

1. c4 e5 2. g3 Nf6 3. Bg2 c6 4. d4 e4 5. e3 d5 6. Nc3 Bb4 7. Qb3 Bxc3+ 8. Qxc3 0-0 9. Ne2 Bg4 10. h3 Bf3 11. Bxf3 exf3 12. Ng1 Ne4 13. Qc2 Qf6 14. Kf1 Na6 15. Qd1 dxc4 16. Qxf3 Qg6 17. Kg2 Nb4 18. Ne2 Ng5 19. Qg4 h5 20. Qh4 Qf5 21. Qf4 Qd5+ 22. e4 Nxe4 23. f3 Nf6 24. Qd2 Nd3 25. b3 Rfe8 26. Ba3 Ne4 27. Qc2 Ng5 28. Rhf1 Qf5 29. Qd2 Qxh3+ 30. Kg1 h4 0-1

[Event "Autonomico-ch"]
[Site "Aragon"]
[Date "2005.??.??"]
[Round "4"]
[White "Laliena Solanes, Luis M"]
[Black "Cortes Bueno, Jesus Javier"]
[Result "0-1"]
[WhiteElo "2191"]
[BlackElo "2264"]
[PlyCount "84"]
[EventDate "2005.??.??"]
[EventType "swiss"]
[EventRounds "9"]
[EventCountry "ESP"]
[SourceTitle "EXT 2009"]
[Source "ChessBase"]
[SourceDate "2008.11.26"]
[SourceVersion "1"]
[SourceVersionDate "2008.11.26"]
[SourceQuality "1"]

1. d4 Nf6 2. Nf3 e6 3. Bf4 b6 4. e3 Bb7 5. Nbd2 Be7 6. Bd3 c5 7. c3 Nc6 8. Qe2 Rc8 9. h3 0-0 10. 0-0 d6 11. a3 Nd7 12. Bh2 e5 13. dxe5 dxe5 14. Nc4 Qc7 15. Bf5 Ba6 16. Rfd1 Ndb8 17. Nfxe5 Nxe5 18. Bxe5 Qxe5 19. Qh5 g6 20. Nxe5 gxh5 21. Bxc8 Bxc8 22. Rd2 Be6 23. f4 f6 24. Nf3 Nc6 25. b4 a5 26. bxc5 Bxc5 27. Kf2 a4 28. Nd4 Nxd4 29. cxd4 Bd6 30. Rc2 Bd5 31. g4 Kf7 32. Ke2 Re8 33. Kd2 hxg4 34. hxg4 Rg8 35. g5 fxg5 36. fxg5 Rxg5 37. Kd3 Rg4 38. Rf2+ Ke7 39. Kd2 h5 40. Rb1 Bb3 41. Rf5 Rg2+ 42. Kc1 Bxa3+ 0-1

[Event "Autonomico-ch"]
[Site "Aragon"]
[Date "2005.??.??"]
[Round "2"]
[White "Ramon Perez, Jose Luis"]
[Black "Cortes Bueno, Jesus Javier"]
[Result "1-0"]
[WhiteElo "2235"]
[BlackElo "2264"]
[PlyCount "57"]
[EventDate "2005.??.??"]
[EventType "swiss"]
[EventRounds "9"]
[EventCountry "ESP"]
[SourceTitle "EXT 2009"]
[Source "ChessBase"]
[SourceDate "2008.11.26"]
[SourceVersion "1"]
[SourceVersionDate "2008.11.26"]
[SourceQuality "1"]

1. e4 c5 2. Nc3 d6 3. f4 g6 4. Nf3 Bg7 5. Bc4 e6 6. 0-0 Nc6 7. d3 Nf6 8. Qe1 0-0 9. f5 d5 10. e5 Nxe5 11. Nxe5 dxc4 12. fxg6 Qd4+ 13. Kh1 hxg6 14. Nb5 Qd8 15. Bg5 Qb6 16. dxc4 Nh7 17. Be7 a6 18. Bxf8 Nxf8 19. Nc3 f5 20. Nd3 Qc7 21. Qh4 Bd7 22. Rae1 Re8 23. Qg5 Kf7 24. Ne4 b6 25. Qh4 Kg8 26. Ng5 Bf6 27. Nf4 Kg7 28. Qg3 Bxg5 29. Nh5+ 1-0

[Event "Autonomico-ch"]
[Site "Aragon"]
[Date "2005.??.??"]
[Round "6"]
[White "Romon Poves, Raul"]
[Black "Cortes Bueno, Jesus Javier"]
[Result "1-0"]
[WhiteElo "2230"]
[BlackElo "2264"]
[PlyCount "47"]
[EventDate "2005.??.??"]
[EventType "swiss"]
[EventRounds "9"]
[EventCountry "ESP"]
[SourceTitle "EXT 2009"]
[Source "ChessBase"]
[SourceDate "2008.11.26"]
[SourceVersion "1"]
[SourceVersionDate "2008.11.26"]
[SourceQuality "1"]

1. e4 c5 2. Nf3 d6 3. Bb5+ Nd7 4. d4 cxd4 5. Qxd4 e5 6. Qd3 h6 7. Nc3 Ngf6 8. Be3 Be7 9. 0-0 0-0 10. Bc4 a6 11. a4 b6 12. Nh4 Nb8 13. Ng6 Re8 14. Nd5 Nxd5 15. Bxd5 Ra7 16. a5 Bg5 17. Bxb6 Qd7 18. f4 exf4 19. Nxf4 Rb7 20. Qc4 Qg4 21. h3 Qd7 22. Nh5 Re6 23. Qc3 f6 24. h4 1-0

[Event "San Jose op"]
[Site "San Jose"]
[Date "2003.??.??"]
[Round "3"]
[White "Cortes Bueno, Jesus Javier"]
[Black "Gavin Roche, Enrique"]
[Result "0-1"]
[WhiteElo "2302"]
[BlackElo "2222"]
[PlyCount "108"]
[EventDate "2003.??.??"]
[EventType "swiss"]
[EventRounds "9"]
[EventCountry "ESP"]
[SourceTitle "EXT 2006"]
[Source "ChessBase"]
[SourceDate "2005.11.24"]
[SourceVersion "1"]
[SourceVersionDate "2005.11.24"]
[SourceQuality "1"]

1. e4 e5 2. Nf3 d6 3. d4 Nf6 4. Nc3 Nbd7 5. Bc4 Be7 6. 0-0 0-0 7. a4 c6 8. a5 Nxe4 9. Nxe4 d5 10. Bb3 dxe4 11. Nxe5 Nxe5 12. dxe5 Bc5 13. Qh5 Be6 14. Bg5 Qc8 15. Qh4 h6 16. Bd2 Bxb3 17. cxb3 e3 18. Bxe3 Bxe3 19. fxe3 Qe6 20. b4 Qxe5 21. Qd4 Qxd4 22. exd4 a6 23. Rfd1 Rad8 24. Rac1 Rd5 25. Kf2 Re8 26. Rc3 Re4 27. Rcd3 f5 28. R1d2 Kf7 29. Kf3 Ke6 30. Re3 Rxe3+ 31. Kxe3 Rb5 32. Kd3 Rxb4 33. Kc3 Rb5 34. Re2+ Kf6 35. b4 f4 36. Kc4 g5 37. Re8 Rf5 38. Kd3 Kf7 39. Re2 Rf6 40. Kc4 Re6 41. Rf2 Kf6 42. g4 Kg6 43. Kc5 h5 44. h3 Re3 45. Rh2 Rb3 46. Kb6 Rxb4+ 47. Kc7 Rb5 48. Rc2 hxg4 49. hxg4 Kf6 50. Re2 Rxa5 51. Kxb7 Rd5 52. Kxa6 Rxd4 53. Kb6 f3 54. Rf2 Rf4 0-1

[Event "Pamplona op"]
[Site "Pamplona"]
[Date "2002.12.23"]
[Round "4"]
[White "Cortes Bueno, Jesus Javier"]
[Black "Campos Moreno, Javier B"]
[Result "1-0"]
[WhiteElo "2302"]
[BlackElo "2475"]
[PlyCount "73"]
[EventDate "2002.12.21"]
[EventType "swiss"]
[EventRounds "9"]
[EventCountry "ESP"]
[SourceTitle "CBM 091 Extra"]
[Source "ChessBase"]
[SourceDate "2003.01.09"]
[SourceVersion "1"]
[SourceVersionDate "2003.01.09"]
[SourceQuality "1"]

1. Nf3 d5 2. c4 e6 3. d4 Nf6 4. Nc3 Nbd7 5. Bg5 Bb4 6. Rc1 dxc4 7. Qa4 c5 8. a3 Bxc3+ 9. Rxc3 cxd4 10. Nxd4 0-0 11. Qxc4 Nb6 12. Qd3 Na4 13. Rc2 e5 14. Nb5 Be6 15. e4 Qxd3 16. Bxd3 Bb3 17. Rd2 Rfd8 18. Bxf6 gxf6 19. Ke2 Rd7 20. Rc1 Rad8 21. Rc7 Rxc7 22. Nxc7 Nc5 23. Bb1 Bc4+ 24. Ke3 Rxd2 25. Kxd2 Kf8 26. b4 Nd7 27. Bd3 Nb6 28. Kc3 Bxd3 29. Kxd3 a6 30. Nd5 Nxd5 31. exd5 f5 32. f3 Ke7 33. Kc4 Kd6 34. a4 b6 35. g4 f4 36. b5 a5 37. g5 1-0

[Event "Euskadi-chT"]
[Site "Euskadi"]
[Date "1996.??.??"]
[Round "?"]
[White "Cortes Bueno, Jesus Javier"]
[Black "Cruz Lopez Claret, Carlos"]
[Result "1-0"]
[WhiteElo "2285"]
[BlackElo "2315"]
[PlyCount "77"]
[EventDate "1996.??.??"]
[EventType "team"]
[EventRounds "7"]
[EventCountry "ESP"]
[SourceTitle "EXT 2001"]
[Source "ChessBase"]
[SourceDate "2000.11.22"]
[SourceVersion "1"]
[SourceVersionDate "2000.11.22"]
[SourceQuality "1"]

1. Nf3 d5 2. c4 c6 3. e3 Nf6 4. Nc3 a6 5. b3 Bg4 6. Be2 e6 7. 0-0 Nbd7 8. d4 b5 9. Bb2 Bd6 10. Ne5 Bxe2 11. Nxe2 bxc4 12. bxc4 0-0 13. Rb1 Bxe5 14. dxe5 Ng4 15. Qd4 Qg5 16. f4 Qh5 17. h3 Nh6 18. Qd2 Nc5 19. Ng3 Qg6 20. Ba3 Rfb8 21. Rxb8+ Rxb8 22. Bxc5 Qxg3 23. Qa5 f6 24. exf6 gxf6 25. Qc7 Rb2 26. Qd8+ Kg7 27. Qf8+ Kg6 28. Qe8+ Kg7 29. Bf8+ Kh8 30. Ba3+ Kg7 31. Qe7+ Kg6 32. Bxb2 Qxe3+ 33. Kh1 d4 34. Qe8+ Kf5 35. Qh5+ Ke4 36. Qxh6 Qe2 37. Qxh7+ f5 38. Rb1 d3 39. Qc7 1-0

[Event "Euskadi-chT"]
[Site "Euskadi"]
[Date "1996.??.??"]
[Round "?"]
[White "Zabala Bilbao, Pedro Maria"]
[Black "Cortes Bueno, Jesus Javier"]
[Result "0-1"]
[WhiteElo "2290"]
[BlackElo "2285"]
[PlyCount "60"]
[EventDate "1996.??.??"]
[EventType "team"]
[EventRounds "7"]
[EventCountry "ESP"]
[SourceTitle "EXT 2001"]
[Source "ChessBase"]
[SourceDate "2000.11.22"]
[SourceVersion "1"]
[SourceVersionDate "2000.11.22"]
[SourceQuality "1"]

1. d4 Nf6 2. Nc3 d5 3. Bg5 Nbd7 4. Nf3 h6 5. Bh4 e6 6. Qd3 c5 7. e4 cxd4 8. Qxd4 dxe4 9. Bxf6 Qxf6 10. Qxe4 Ba3 11. Bd3 Bxb2 12. Nd5 Qd8 13. Rb1 Qa5+ 14. Ke2 Nc5 15. Qc4 a6 16. Rxb2 exd5 17. Qxd5 0-0 18. Rd1 Bg4 19. h3 Rfe8+ 20. Kf1 Rad8 21. Qc4 Re4 22. Qxe4 Nxe4 23. hxg4 Qc5 24. c3 Qxc3 25. Rb3 Qc5 26. Bxe4 Rxd1+ 27. Ke2 Ra1 28. Rxb7 Rxa2+ 29. Nd2 Qd6 30. Bd3 Qf4 0-1

[Event "ESP-ch"]
[Site "Canete"]
[Date "1994.??.??"]
[Round "?"]
[White "Calzetta Ruiz, Monica"]
[Black "Cortes Bueno, Jesus Javier"]
[Result "1-0"]
[WhiteElo "2105"]
[BlackElo "2320"]
[PlyCount "47"]
[EventDate "1994.??.??"]
[EventType "swiss"]
[EventRounds "9"]
[EventCountry "ESP"]
[SourceTitle "EXT 1998"]
[Source "ChessBase"]
[SourceDate "1997.11.17"]
[SourceVersion "1"]
[SourceVersionDate "1997.11.17"]
[SourceQuality "1"]

1. e4 c5 2. Nf3 e6 3. d4 cxd4 4. Nxd4 a6 5. Bd3 Qc7 6. 0-0 Nf6 7. c4 Bd6 8. Nf3 b6 9. Nc3 Bb7 10. h3 Nc6 11. Be3 Bc5 12. Qd2 0-0 13. Bf4 d6 14. a3 Ne5 15. Be2 b5 16. b4 Ba7 17. cxb5 Nxe4 18. Nxe4 Bxe4 19. Rac1 Qb8 20. bxa6 Nxf3+ 21. gxf3 Bd5 22. a4 f5 23. a5 Rf6 24. b5 1-0